LEADER 01113cam0-22003491i-450- 001 990002874820403321 005 20120621155046.0 035 $a000287482 035 $aFED01000287482 035 $a(Aleph)000287482FED01 035 $a000287482 100 $a20030910d1997----km-y0itay50------ba 101 0 $aita 102 $aIT 200 1 $aMobilità territoriale e costo delle abitazioni$eun'analisi empirica per l'Italia$fL. Cannari, F. Nucci, P. Sestito 210 $aRoma$cBanca d'Italia$d1997 215 $a72 p.$d30 cm 225 1 $aTemi di discussione del Servizio studi$fBanca d'Italia$v308 610 0 $aIndagini statistiche$aItalia$aAbitazioni 676 $a331.127945$v20$zita 700 1$aCannari,$bLuigi$0118762 701 1$aNucci,$bFrancesco$0124338 701 1$aSestito,$bPaolo$f<1960- >$089072 801 0$aIT$bUNINA$gREICAT$2UNIMARC 901 $aBK 912 $a990002874820403321 952 $aXXIII-C-61$b4779$fMAS 952 $aDoc/Bd'I$b16505/308$fSES 959 $aMAS 959 $aSES 996 $aMobilità territoriale e costo delle abitazioni$9416385 997 $aUNINA LEADER 00868nam a2200241 i 4500 001 991004367837707536 005 20250708115039.0 008 250218s1980 it er 001 0 ita d 040 $aBibl. Dip.le Aggr. Scienze Giuridiche - Sez. Studi Giuridici$bita$cSocioculturale Scs 041 0i$aita 082 0 $a327.12$223 100 1 $aCraveri, Raimondo$0153586 245 03$aLa campagna d'Italia e i servizi segreti :$bla storia dell'ORI (1943-1945) /$cRaimondo Craveri. 260 $aMilano :$bLa Pietra,$c1980. 300 $a335 p. ;$c21 cm 490 1 $aProtagonisti 505 2 $aCon appendice documentaria (p. 215-329) 610 24$aOrganizzazione per la Resistenza italiana$y1943-1945$xStoria 650 4$aResistenza$zItalia 830 0$aProtagonisti 912 $a991004367837707536 996 $aCampagna d'Italia e i servizi segreti$9471036 997 $aUNISALENTO